LEADER 01312nam--2200397---450- 001 990000771970203316 005 20091202132452.0 010 $a88-14-06613-2 035 $a0077197 035 $aUSA010077197 035 $a(ALEPH)000077197USA01 035 $a0077197 100 $a20011126d1997----km-y0itay0103----ba 101 $aita 102 $aIT 105 $a||||||||001yy 200 1 $a<> consigliere comunale$ediritti e doveri$eaggiornamento con la L. 15 maggio 1997 n. 127, (legge Bassanini), problemi e casi pratici$fEnrico Maggiora 210 $aMilano$cA. Giuffré$d1997 215 $aXIII, 299 p$d24 cm 225 2 $aCosa & come$iEnti locali$v30 410 $12001$aCosa & come$iEnti locali$v30 606 0 $aConsiglieri comunali 676 $a352.0080945 700 1$aMAGGIORA,$bEnrico$0133029 801 0$aIT$bsalbc$gISBD 912 $a990000771970203316 951 $aXXX.B. Coll. 13/ 280 (IRA 40/183)$b14850 G.$cXXX.B. Coll. 13/ (IRA 40/183)$d00121450 959 $aBK 969 $aGIU 979 $aPATTY$b90$c20011126$lUSA01$h1624 979 $aPATTY$b90$c20020325$lUSA01$h1745 979 $c20020403$lUSA01$h1724 979 $aPATRY$b90$c20040406$lUSA01$h1653 979 $aRSIAV1$b90$c20091202$lUSA01$h1324 996 $aConsigliere comunale$9660494 997 $aUNISA LEADER 02762nam 2200769 450 001 9910826820503321 005 20230607192645.0 010 $a1-5261-2839-X 010 $a1-5261-1929-3 035 $a(CKB)3710000001405702 035 $a(StDuBDS)EDZ0001811195 035 $a(MiAaPQ)EBC4921332 035 $a(OCoLC)990267657 035 $a(MdBmJHUP)musev2_78424 035 $a(UkMaJRU)992979783725401631 035 $a(DE-B1597)659632 035 $a(DE-B1597)9781526119292 035 $a(EXLCZ)993710000001405702 100 $a20191204h20172017 fy 0 101 0 $aeng 135 $aur||#---||||| 181 $ctxt$2rdacontent 182 $cc$2rdamedia 183 $acr$2rdacarrier 200 10$aHospitals and charity $ereligious culture and civic life in medieval northern Italy /$fby Sally Mayall Brasher 205 $aFirst published. 210 1$aManchester, UK :$cManchester University Press,$d2017. 210 4$d©2017 215 $a1 online resource (224 pages) $cdigital file(s) 311 $a1-5261-1930-7 311 $a1-5261-1928-5 320 $aIncludes index. 327 $aIntroduction --1 Hospitals and charity: history and context --2 The foundation of hospitals --3 Hospital management --4 Internal life of the hospital --5 Jurisdictional disputes --6 Reform and consolidation --Conclusion --Index. 330 8 $aThis work provides a comprehensive examination of the hospital movement that arose and prospered in northern Italy between the twelfth and fifteenth centuries. 606 $aMedieval History$2mup 606 $aMedieval History$2bicssc 606 $aHISTORY / Europe / Medieval$2bisach 606 $aEuropean history: medieval period, middle ages$2thema 607 $aItaly$2fast 610 $acharity administration. 610 $acharity distribution. 610 $achurch officials. 610 $afoundational charters. 610 $ahospital bureaucratization. 610 $ahospital consolidation. 610 $ahospital functions. 610 $ahospital services. 610 $ajurisdictional disputes. 610 $aneedy people. 610 $anorthern Italy. 610 $aorganized society. 610 $apious people. 610 $asocial services. 610 $astate control. 610 $aurban community. 615 7$aMedieval History 615 7$aMedieval History 615 7$aHISTORY / Europe / Medieval 615 7$aEuropean history: medieval period, middle ages 676 $a362.1109 700 $aBrasher$b Sally Mayall$f1961-,$0878640 712 02$aManchester University Press.$4pbl 801 2$bUkMaJRU 906 $aBOOK 912 $a9910826820503321 996 $aHospitals and charity$93945146 997 $aUNINA LEADER 02441nas 2200625-a 450 001 996207127403316 005 20240413030030.0 035 $a(CKB)991042733701626 035 $a(CONSER)ce-83072451- 035 $a(DE-599)ZDB2193081-8 035 $a(EXLCZ)99991042733701626 100 $a19830929b19832009 -a- a 101 0 $aeng 181 $ctxt$2rdacontent 182 $cc$2rdamedia 183 $acr$2rdacarrier 200 00$aCISTI news /$fCanada Institute for Scientific and Technical Information 210 $aOttawa $cNational Research Council Canada$d1983-[2009?] 215 $a1 online resource 311 08$aPrint version: CISTI news / 0715-8661 (DLC)ce 83072451 (OCoLC)1080770456 517 2 $aCanada Institute for Scientific and Technical Information news 517 1 $aActualités ICIST 531 0 $aCISTI news 606 $aScience$xInformation services$vPeriodicals 606 $aTechnology$zCanada$xInformation services$xPeriodicals 606 $aTechnology$xInformation services$vPeriodicals 606 $aScience$zCanada$xInformation services$vPeriodicals 606 $aTechnologie$xServices d'information$vPériodiques 606 $aSciences$zCanada$xServices d'information$vPériodiques 606 $aSciences$xServices d'information$vPériodiques 606 $aTechnologie$zCanada$xServices d'information$xPériodiques 606 $aScience$xInformation services$2fast$3(OCoLC)fst01108282 606 $aTechnology$xInformation services$2fast$3(OCoLC)fst01145131 607 $aCanada$2fast 608 $aPeriodicals.$2fast 615 0$aScience$xInformation services 615 0$aTechnology$xInformation services$xPeriodicals. 615 0$aTechnology$xInformation services 615 0$aScience$xInformation services 615 6$aTechnologie$xServices d'information 615 6$aSciences$xServices d'information 615 6$aSciences$xServices d'information 615 6$aTechnologie$xServices d'information$xPériodiques. 615 7$aScience$xInformation services. 615 7$aTechnology$xInformation services. 676 $a026/.50971 686 $acci1icc$2lacc 686 $acoll14$2lacc 712 02$aCanada Institute for Scientific and Technical Information. 712 02$aNational Research Council Canada. 906 $aJOURNAL 912 $a996207127403316 920 $aexl_impl conversion 996 $aCISTI news$91961375 997 $aUNISA